000 00551nam a2200181Ia 4500
001 3255
005 20260306144907.0
008 260306t1989||||xx |||||||||||||| ||spa||
041 _aESP
082 _a262.91
_bJ81L
100 _aJuan Pablo II, Papa
_eAUT
245 0 _aExhortación apostólica post-sinodal Christifideles laici de su santidad Juan Pablo II sobre vocación y misión de los laicos en la Iglesia y en el mundo
260 _c1989
300 _a201 páginas :
_c20 cm.
650 _aGEN
654 _aCHU
942 _cLIB
_dJUS
_fJUS
_2ddc
_n
999 _c3255
_d3255